000 00515nam a22001817a 4500
005 20251108164143.0
008 250721s2002 xx 000 0 ara d
082 1 4 _a956.511/غوا
100 1 _aغوانمة، يوسف
245 1 0 _aعمان :
_bعاصمة المملكة الأردنية الهاشمية /
264 1 _aعمان :
_bدار الفكر،
_c2002.
300 _a248ص
650 1 7 _aالأردن
650 1 7 _aتاريخ الأردن
650 1 7 _aعمان
942 _2ddc
_cBK
999 _c5008
_d5008